Geografía por Imágenes- S - Estadísticas

Estadísticas generales
  • Esta prueba ha sido intentada 6.079 veces
  • La puntuación promedio es 12 de 18
Estadísticas de respuestas
Imagen Hint Respuesta % Correcto
desierto Sahara
95%
país Suiza
95%
país Sudáfrica
93%
edificio Capilla {Sixtina}
92%
ciudad Sevilla
91%
basílica Sagrada Familia
87%
país Suecia
87%
vía artificial de navegación Canal de {Suez}
79%
red de rutas comerciales Ruta de la {seda}
74%
isla Santorini
68%
ciudad San Francisco
60%
ciudad Singapur
57%
región {Silicon} {Valley}
48%
ciudad Shanghái
47%
ciudad San Petersburgo
33%
lago Superior
33%
región (en rojo) Sajonia
23%
región de África oriental Serengueti
23%
No se encontraron pruebas coincidentes
Distribución de puntuación
Porcentaje de gente con cada puntuación
Porcentaje por número respondido
Historial de tus puntuaciones
No has intentado esta prueba.